| 000 | 004370000a22001330004500 | ||
|---|---|---|---|
| 090 |
_aAs _bSeriadas |
||
| 245 | 1 | 0 |
_aAbejas Euglosinas (Hymenoptera: Apidae) de las región neotropica _slista de especies con notas sobre su biología |
| 041 | 0 | _aEspañol | |
| 700 | 1 |
_aDresler, Robert L. _999893 |
|
| 700 | 1 |
_aOspina, Mónica _9422 |
|
| 100 | 1 |
_aRamírez, Santiago _998680 |
|
| 942 | _cARTICULO | ||
| 773 | 1 |
_tBiota Colombiana _h1 _q7-118 _d2002 _g3 |
|
| 999 |
_c15648 _d15648 |
||